Statistics for Institutes of Technology

Click here to take the quiz!

General Stats

  • This quiz has been taken 25 times
  • The average score is 9 of 18

Answer Stats

Institute of Technology% Correct
Massachusetts Institute of Technology
100%
California Institute of Technology
92%
Georgia Institute of Technology
88%
Florida Institute of Technology
79%
New York Institute of Technology
71%
Illinois Institute of Technology
67%
Oregon Institute of Technology
67%
Indiana Institute of Technology
63%
New Jersey Institute of Technology
63%
New Mexico Institute of Mining and Technology
46%
Rochester Institute of Technology
33%
West Virginia University Institute of Technology
29%
Rose–Hulman Institute of Technology
21%
New England Institute of Technology
17%
Stevens Institute of Technology
17%
Wentworth Institute of Technology
17%
Air Force Institute of Technology
8%
Oklahoma State University Institute of Technology
8%

Score Distribution

Percentile by Number Answered

Percent of People with Each Score

Your Score History

You have not taken this quiz